[Event "SR 3. liga A2 2006/2007"]
[Site "?"]
[Date "2007.02.11"]
[Round "8"]
[White "Kosar, Mikulas ml"]
[Black "Skapik, Branislav"]
[Result "1-0"]
[WhiteElo "1951"]
[BlackElo "1800"]
[Annotator "Gabcíkovo - Osuské B  /7/"]
[PlyCount "77"]
[EventDate "2006.??.??"]

1. e4 e5 2. Nf3 Nc6 3. d4 exd4 4. Bc4 d6 5. O-O Bg4 6. Qd3 Bxf3 7. Qxf3 Ne5 8.
Qb3 Nxc4 9. Qxc4 Nf6 10. Qb5+ c6 11. Qxb7 Qc8 12. Qb4 c5 13. Qb5+ Qd7 14. Qd3
Be7 15. c3 dxc3 16. Nxc3 O-O 17. Bg5 Rab8 18. e5 Ng4 19. Bxe7 Qxe7 20. exd6 Qe5
21. Qh3 f5 22. d7 Rb6 23. Qg3 Rxb2 24. h3 Qxg3 25. fxg3 Ne3 26. Rf2 Rxf2 27.
Kxf2 Nc2 28. Rd1 Nd4 29. Na4 Ne6 30. Nxc5 Nd8 31. Re1 Kf7 32. a4 Kf6 33. a5 Kf7
34. a6 g6 35. Nb7 Nc6 36. Nd6+ Kg7 37. Re8 g5 38. Nb7 Rf6 39. Rc8 1-0

[Event "SR 3. liga A2 2006/2007"]
[Site "?"]
[Date "2007.02.11"]
[Round "8"]
[White "Cajka, Tibor"]
[Black "Kosar, Mikulas st"]
[Result "1-0"]
[WhiteElo "1768"]
[BlackElo "1981"]
[Annotator "Gabcíkovo - Osuské B  /8/"]
[PlyCount "113"]
[EventDate "2006.??.??"]

1. e4 e5 2. Nf3 Nf6 3. d4 exd4 4. e5 Ng8 5. Bc4 d5 6. exd6 Qxd6 7. O-O Nc6 8.
Bxf7+ Kxf7 9. Ng5+ Ke8 10. Re1+ Be7 11. Nd2 Qg6 12. Nc4 h6 13. Ne4 Bf5 14. Nc5
b6 15. Nd3 Bxd3 16. cxd3 Rd8 17. Bf4 Kd7 18. Qa4 Kc8 19. Rac1 Kb7 20. Bxc7 Kxc7
21. Ne5 Qe8 22. Nxc6 Ra8 23. Nxe7+ Kb7 24. Qxe8 Rxe8 25. Nxg8 Rhxg8 26. Rxe8
Rxe8 27. Kf1 Re7 28. Rc4 Rd7 29. Ke2 b5 30. Rc1 Re7+ 31. Kd2 g5 32. Re1 Rf7 33.
f3 Rf6 34. Re4 Rd6 35. h4 gxh4 36. Rxh4 a6 37. f4 Kc7 38. f5 Kd7 39. Ke2 Ke7
40. Kf3 Kf7 41. Ke4 Kg7 42. Ke5 Rc6 43. Rxd4 Rc2 44. Rg4+ Kf7 45. Rg6 Re2+ 46.
Kd5 Rf2 47. Ke4 h5 48. g3 Rxb2 49. Rxa6 Rb4+ 50. d4 Rb2 51. d5 Rb4+ 52. Ke5 Rg4
53. Ra7+ Kf8 54. Kf6 Kg8 55. d6 Rxg3 56. d7 Rd3 57. Ra8+ 1-0

[Event "SR 3. liga A2 2006/2007"]
[Site "?"]
[Date "2007.02.11"]
[Round "8"]
[White "Lahucky, Pavol"]
[Black "Ivan, Imrich ml"]
[Result "1-0"]
[WhiteElo "2110"]
[BlackElo "2034"]
[Annotator "Hlohovec jun. - Velký Meder  /1/"]
[PlyCount "107"]
[EventDate "2006.??.??"]

1. c4 Nf6 2. Nc3 g6 3. e4 d6 4. d3 Bg7 5. Be2 O-O 6. h4 Nc6 7. Be3 h5 8. Qd2 e5
9. O-O-O Nd4 10. Bg5 c6 11. Rf1 Qa5 12. Nf3 b5 13. cxb5 Be6 14. bxc6 Bxa2 15.
Nxd4 exd4 16. Bxf6 Bxf6 17. Nd5 Bd8 18. Qxa5 Bxa5 19. g4 hxg4 20. Bxg4 f5 21.
Bf3 Kh7 22. h5 g5 23. exf5 Rac8 24. Ne7 Rc7 25. f6 d5 26. Bg4 Rxf6 27. Bd7 g4
28. b3 Bxb3 29. Kb2 Bb4 30. Nf5 Ba4 31. Nxd4 a5 32. Rhg1 Bxc6 33. Bxc6 Rcxc6
34. Nxc6 Rxc6 35. Rxg4 d4 36. Rfg1 Bc3+ 37. Ka2 Rc5 38. Rg5 Rc7 39. f4 Bd2 40.
h6 Bxf4 41. Rg7+ Rxg7 42. hxg7 Kg8 43. Rg4 Be5 44. Rg5 Bxg7 45. Rxa5 Kf7 46.
Ra7+ Kg6 47. Kb3 Bh8 48. Kc4 Kf5 49. Kd5 Kg6 50. Ke6 Bf6 51. Ra2 Bd8 52. Rg2+
Kh5 53. Kf5 Kh6 54. Rg4 1-0

[Event "SR 3. liga A2 2006/2007"]
[Site "?"]
[Date "2007.02.11"]
[Round "8"]
[White "Csefalvay, Stefan"]
[Black "Slamena, Michal"]
[Result "1-0"]
[WhiteElo "1957"]
[BlackElo "1957"]
[Annotator "Hlohovec jun. - Velký Meder  /2/"]
[PlyCount "74"]
[EventDate "2006.??.??"]

1. d4 Nf6 2. c4 g6 3. Nf3 Bg7 4. g3 d6 5. Bg2 Nbd7 6. Nc3 O-O 7. O-O c6 8. Qc2
Rb8 9. a4 a6 10. b4 e5 11. dxe5 dxe5 12. Bg5 Qe7 13. c5 h6 14. Bxf6 Nxf6 15.
Nd2 e4 16. Nb3 Nd5 17. Nxd5 cxd5 18. Rad1 Be6 19. e3 Rfd8 20. Nd4 Bg4 21. Rd2
Bxd4 22. Rxd4 Qe6 23. Rc1 Rbc8 24. b5 axb5 25. axb5 Rd7 26. Qa2 Qe5 27. Bf1 Be6
28. b6 Rd6 29. Qa3 Rdd8 30. Qa7 Rb8 31. c6 bxc6 32. Qc7 Qg5 33. b7 Bd7 34. Ra4
Qe7 35. Rca1 Qe8 36. Ra8 Be6 37. Rxb8 Rxb8 1-0

[Event "SR 3. liga A2 2006/2007"]
[Site "?"]
[Date "2007.02.11"]
[Round "8"]
[White "Peska, Juraj"]
[Black "Szitasi, Janos"]
[Result "0-1"]
[WhiteElo "1955"]
[BlackElo "1996"]
[Annotator "Hlohovec jun. - Velký Meder  /3/"]
[PlyCount "58"]
[EventDate "2006.??.??"]

1. c4 g6 2. Nc3 Bg7 3. g3 Nf6 4. Bg2 c5 5. Nf3 O-O 6. O-O Nc6 7. d3 d6 8. Bd2
Bd7 9. Qc1 Re8 10. Bh6 Bh8 11. a3 Qc8 12. Rb1 a5 13. Bd2 Bh3 14. Nd5 Bxg2 15.
Kxg2 Nxd5 16. cxd5 Nd8 17. Bc3 f6 18. b4 axb4 19. axb4 b6 20. Qb2 Nf7 21. Ra1
Qd7 22. Ra3 Rxa3 23. Qxa3 Qb5 24. Qa2 Rc8 25. Rb1 Qd7 26. Qa6 cxb4 27. Bxb4 e6
28. dxe6 Qxe6 29. Qxb6 Qxe2 {biely cas} 0-1

[Event "SR 3. liga A2 2006/2007"]
[Site "?"]
[Date "2007.02.11"]
[Round "8"]
[White "Vizvari, Ludovit"]
[Black "Kollarik, Gorazd"]
[Result "1-0"]
[WhiteElo "2033"]
[BlackElo "1976"]
[Annotator "Hlohovec jun. - Velký Meder  /4/"]
[PlyCount "92"]
[EventDate "2006.??.??"]

1. d4 d5 2. c4 e6 3. Nc3 Nf6 4. Nf3 Be7 5. Bf4 c6 6. e3 O-O 7. c5 b6 8. b4 Nbd7
9. Bd3 Bb7 10. h3 b5 11. a4 a6 12. a5 Nh5 13. Bh2 g6 14. Qe2 f5 15. O-O-O Nhf6
16. Ng5 Ne4 17. Nxe6 Nxc3 18. Qc2 Qc8 19. Qxc3 Rf7 20. Nf4 Nf6 21. Qc2 Qd7 22.
f3 Bd8 23. g4 fxg4 24. hxg4 Bc8 25. Bg3 Rg7 26. Qf2 Ra7 27. Bc2 Qe8 28. Nd3 Bc7
29. Ne5 Re7 30. Rde1 Bxe5 31. dxe5 Nd7 32. f4 Nf8 33. Bh4 Rf7 34. Qg3 Rab7 35.
f5 Ra7 36. e6 Nxe6 37. fxe6 Qxe6 38. g5 Rae7 39. e4 dxe4 40. Bb3 Qe5 41. Qxe5
Rxe5 42. Rhf1 Be6 43. Bg3 Rd5 44. Bxd5 Bxd5 45. Rxf7 Kxf7 46. Rf1+ Ke6 1-0

[Event "SR 3. liga A2 2006/2007"]
[Site "?"]
[Date "2007.02.11"]
[Round "8"]
[White "Synak, Jan"]
[Black "Vegh, Vince"]
[Result "1/2-1/2"]
[WhiteElo "1802"]
[BlackElo "1846"]
[Annotator "Hlohovec jun. - Velký Meder  /5/"]
[PlyCount "26"]
[EventDate "2006.??.??"]

1. Nf3 Nf6 2. c4 e6 3. g3 b6 4. Bg2 Bb7 5. O-O g6 6. b3 Bg7 7. Bb2 O-O 8. Nc3
c5 9. Rc1 d5 10. cxd5 Nxd5 11. d4 cxd4 12. Nxd5 Qxd5 13. Bxd4 Bxd4 $11 1/2-1/2

[Event "SR 3. liga A2 2006/2007"]
[Site "?"]
[Date "2007.02.11"]
[Round "8"]
[White "Magyarics, Jozef"]
[Black "Racik, Marek"]
[Result "1/2-1/2"]
[WhiteElo "1546"]
[BlackElo "1901"]
[Annotator "Hlohovec jun. - Velký Meder  /6/"]
[PlyCount "118"]
[EventDate "2006.??.??"]

1. e4 c5 2. Nf3 d6 3. d4 cxd4 4. Nxd4 Nf6 5. Nc3 g6 6. Be3 Bg7 7. Bd3 Nc6 8.
Nb3 O-O 9. f3 Be6 10. Nd4 Qb6 11. Bb5 Nxe4 12. Bxc6 Nxc3 13. bxc3 bxc6 14. Qd2
Qb2 15. O-O Bd5 16. Qd3 Rfe8 17. c4 c5 18. Rfb1 Bxc4 19. Qxc4 Qa3 20. Rb3 Qa5
21. Rb5 Qa3 22. Rb3 Qa5 23. Nc6 Qc7 24. Nd4 Qd7 25. Rab1 cxd4 26. Bxd4 Rec8 27.
Qd3 Bxd4+ 28. Qxd4 Rxc2 29. Rb8+ Rc8 30. R8b7 Qf5 31. Re1 Re8 32. Rexe7 Rxe7
33. Rxe7 Qb1+ 34. Kf2 Qxa2+ 35. Kg3 d5 36. Rd7 Qc4 37. Rxd5 Qxd4 38. Rxd4 a5
39. Ra4 Kg7 40. h4 Kf6 41. Kf4 Ke6 42. Kg5 f5 43. g4 fxg4 44. Kxg4 Kd5 45. h5
Kc5 46. hxg6 hxg6 47. Kg5 Ra6 48. Kf4 Kb5 49. Ra1 a4 50. Ke3 Kc4 51. Kd2 a3 52.
Kc2 Kd4 53. Kb3 Ke3 54. Ka2 Kxf3 55. Rg1 Kf4 56. Rf1+ Kg5 57. Rg1+ Kh6 58. Rh1+
Kg7 59. Rg1 Ra5 1/2-1/2

[Event "SR 3. liga A2 2006/2007"]
[Site "?"]
[Date "2007.02.11"]
[Round "8"]
[White "Barca, Michal"]
[Black "Bogi, Timea"]
[Result "1-0"]
[WhiteElo "1807"]
[BlackElo "1501"]
[Annotator "Hlohovec jun. - Velký Meder  /7/"]
[PlyCount "65"]
[EventDate "2006.??.??"]

1. c4 e5 2. Nc3 Nf6 3. Nf3 Nc6 4. g3 d5 5. cxd5 Nxd5 6. Bg2 Nxc3 7. bxc3 Bd6 8.
d4 exd4 9. cxd4 Bb4+ 10. Bd2 Bxd2+ 11. Qxd2 O-O 12. O-O Ne7 13. e4 c6 14. Ne5
f5 15. Qb4 g6 16. Qc4+ Kg7 17. Rad1 fxe4 18. Bxe4 Qd6 19. Qc3 Nd5 20. Qd2 Bf5
21. Bg2 Rae8 22. g4 Bc8 23. f4 Qd8 24. Rf3 a6 25. Rdf1 Nf6 26. f5 Rxe5 27. fxg6
hxg6 28. Rh3 Bxg4 29. Qh6+ Kf7 30. dxe5 Qd4+ 31. Kh1 Qxe5 32. Re3 Qb8 33. Qh7#
1-0

[Event "SR 3. liga A2 2006/2007"]
[Site "?"]
[Date "2007.02.11"]
[Round "8"]
[White "Bogi, Peter"]
[Black "Filip, Frantisek"]
[Result "0-1"]
[WhiteElo "1350"]
[BlackElo "1819"]
[Annotator "Hlohovec jun. - Velký Meder  /8/"]
[PlyCount "64"]
[EventDate "2006.??.??"]

1. e4 e5 2. Nf3 Nc6 3. Bc4 h6 4. O-O Be7 5. d4 d6 6. h3 Bd7 7. Nc3 Nf6 8. Re1
a6 9. a4 Na5 10. Ba2 exd4 11. Nxd4 Nc6 12. Bf4 Nxd4 13. Qxd4 O-O 14. e5 dxe5
15. Bxe5 c5 16. Qd3 Bc6 17. Qc4 Qd2 18. Bb3 Rad8 19. Rad1 Qg5 20. Bg3 Rxd1 21.
Rxd1 Nh5 22. Qe2 Nxg3 23. fxg3 Bf6 24. Bd5 Bd4+ 25. Kh1 Bxd5 26. Nxd5 Qxd5 27.
c3 Qe5 28. Qf3 Be3 29. Re1 Re8 30. Qxb7 Qxg3 31. Rd1 Bf4 32. Kg1 Re1+ 0-1

[Event "SR 3. liga A2 2006/2007"]
[Site "?"]
[Date "2007.02.17"]
[Round "8"]
[White "Stepanovic, Branislav"]
[Black "Halas, Miroslav"]
[Result "1-0"]
[WhiteElo "2051"]
[BlackElo "1996"]
[Annotator "Piestany B - Trnava C  /1/"]
[PlyCount "69"]
[EventDate "2006.??.??"]

1. e4 c6 2. d4 d5 3. Nc3 dxe4 4. Nxe4 Bf5 5. Ng3 Bg6 6. Nf3 Nd7 7. Bf4 Ngf6 8.
c3 e6 9. Ne5 Nd5 10. Nxg6 hxg6 11. Bd2 Qc7 12. c4 N5f6 13. Qf3 c5 14. dxc5 Bxc5
15. Bc3 Ne5 16. Bxe5 Qxe5+ 17. Be2 O-O-O 18. O-O g5 19. b4 g4 20. Qa3 Bd4 21.
Rad1 Qf4 22. c5 Qh6 23. h3 gxh3 24. Qf3 hxg2 25. Qxg2 Qf4 26. c6 b6 27. c7 Kxc7
28. Ba6 Nd5 29. Ne2 Bxf2+ 30. Rxf2 Qxb4 31. Rxf7+ Kb8 32. Nd4 Qc3 33. Qf3 Qxf3
34. Nc6+ Ka8 35. Rxa7# 1-0

[Event "SR 3. liga A2 2006/2007"]
[Site "?"]
[Date "2007.02.17"]
[Round "8"]
[White "Bukovsky, Milan"]
[Black "Gono, Pavol"]
[Result "1/2-1/2"]
[WhiteElo "2036"]
[BlackElo "2009"]
[Annotator "Piestany B - Trnava C  /2/"]
[PlyCount "117"]
[EventDate "2006.??.??"]

1. c4 c6 2. d4 d5 3. Nf3 Nf6 4. cxd5 cxd5 5. Nc3 e6 6. Bf4 Be7 7. e3 Bd7 8. Bd3
Nc6 9. Rc1 Nh5 10. Be5 Nxe5 11. dxe5 g6 12. O-O O-O 13. Qb3 Rb8 14. Nd4 a6 15.
Nce2 b5 16. Nc6 Bxc6 17. Rxc6 Rb6 18. Rfc1 Qb8 19. Nd4 Bd8 20. Nf3 Qb7 21. Qc3
Ng7 22. Qc5 Nf5 23. Bxf5 gxf5 24. Nd4 Re8 25. Rxb6 Bxb6 26. Qc6 Re7 27. Nb3 Rc7
28. Qxb7 Rxb7 29. Rc6 Kf8 30. Kf1 Ke7 31. Ke2 Kd7 32. Rc2 Rc7 33. Rxc7+ Kxc7
34. Kf3 Kc6 35. Ke2 a5 36. Kd3 a4 37. Nd2 Kc5 38. f4 Bd8 39. Nf3 h6 40. Nd4 Bh4
41. Ne2 Bf2 42. h3 Be1 43. g4 fxg4 44. hxg4 Ba5 45. Ng3 Bc7 46. Nh5 Bd8 47. Nf6
Be7 48. e4 dxe4+ 49. Nxe4+ Kd5 50. Nc3+ Kc5 51. Ke4 Bd8 52. Ne2 Bb6 53. Nd4 Bd8
54. Ne2 Be7 55. Ng3 Bd8 56. Nh5 Be7 57. Nf6 Kc6 58. Ng8 Bf8 59. Nf6 1/2-1/2

[Event "SR 3. liga A2 2006/2007"]
[Site "?"]
[Date "2007.02.17"]
[Round "8"]
[White "Mihalik, Anton"]
[Black "Krist, Milan"]
[Result "1/2-1/2"]
[WhiteElo "1994"]
[BlackElo "2039"]
[Annotator "Piestany B - Trnava C  /3/"]
[PlyCount "75"]
[EventDate "2006.??.??"]

1. e4 e6 2. d4 d5 3. Nd2 c5 4. Ngf3 Nf6 5. e5 Nfd7 6. c3 Nc6 7. Be2 cxd4 8.
cxd4 Qb6 9. Nb3 Bb4+ 10. Kf1 O-O 11. Be3 a5 12. a3 Be7 13. Qc2 f5 14. exf6 Nxf6
15. Ne5 a4 16. Nxc6 bxc6 17. Nd2 Ba6 18. h3 Rab8 19. Bxa6 Qxa6+ 20. Kg1 Qb5 21.
Rb1 Rfc8 22. Bf4 Ra8 23. Kh2 c5 24. dxc5 Rxc5 25. Qd1 Rac8 26. Nf3 Ne4 27. Be3
Rc2 28. Nd4 Qb8+ 29. Kg1 Rxb2 30. Rxb2 Qxb2 31. Nxe6 Nc3 32. Qg4 Ne2+ 33. Kh2
Bd6+ 34. f4 Re8 35. Rd1 Qf6 36. Nd4 Rxe3 37. Nxe2 h5 38. Qc8+ 1/2-1/2

[Event "SR 3. liga A2 2006/2007"]
[Site "?"]
[Date "2007.02.17"]
[Round "8"]
[White "Bahna, Jan"]
[Black "Curidlo, Jan"]
[Result "0-1"]
[WhiteElo "1978"]
[BlackElo "2084"]
[Annotator "Piestany B - Trnava C  /4/"]
[PlyCount "156"]
[EventDate "2006.??.??"]

1. e4 c5 2. Nc3 d6 3. g3 b6 4. Bg2 Bb7 5. Nh3 e6 6. O-O Be7 7. f4 Nd7 8. f5 Bf6
9. fxe6 fxe6 10. Qg4 Qe7 11. Nf4 Nf8 12. d3 Nh6 13. Qh5+ Qf7 14. Nb5 Kd7 15.
Bh3 Qxh5 16. Nxh5 Ng8 17. a4 a6 18. Nc3 Ke7 19. Nxf6 gxf6 20. Be3 Ng6 21. Rab1
a5 22. Nb5 Rc8 23. c3 Ba6 24. Rfd1 Bxb5 25. axb5 Rc7 26. b4 axb4 27. cxb4 e5
28. Ra1 Kf7 29. Ra6 Rb7 30. Rda1 N8e7 31. Ra7 Rhb8 32. Bd2 Nf8 33. Rxb7 Rxb7
34. Ra8 Ne6 35. Bxe6+ Kxe6 36. Rh8 Ng6 37. Rc8 Ke7 38. Kf2 Ke6 39. Kf3 Kd7 40.
Rg8 Ke6 41. h4 Kf7 42. Rd8 Ke7 43. Ra8 Nf8 44. Kg4 Kf7 45. Kh5 Re7 46. Rd8 Nd7
47. g4 Ke6 48. g5 f5 49. g6 f4 50. Kh6 hxg6 51. Kxg6 f3 52. Be3 cxb4 53. Ra8
Nc5 54. Ra1 Nxd3 55. h5 Nf4+ 56. Bxf4 exf4 57. h6 Ke5 58. Rf1 Re8 59. Rxf3 Rg8+
60. Kf7 Rh8 61. Kg7 Rc8 62. h7 Kxe4 63. Rb3 f3 64. Rxb4+ Ke3 65. h8=Q Rxh8 66.
Kxh8 f2 67. Rb1 d5 68. Kg7 d4 69. Kf6 d3 70. Ke5 d2 71. Kd5 Ke2 72. Kc6 d1=Q
73. Rxd1 Kxd1 74. Kxb6 f1=Q 75. Kc5 Qf2+ 76. Kc6 Qa7 77. b6 Qb8 78. b7 Kc2 0-1

[Event "SR 3. liga A2 2006/2007"]
[Site "?"]
[Date "2007.02.17"]
[Round "8"]
[White "Gono, Michal"]
[Black "Puskas, Miroslav"]
[Result "1/2-1/2"]
[WhiteElo "1593"]
[BlackElo "2025"]
[Annotator "Piestany B - Trnava C  /5/"]
[PlyCount "103"]
[EventDate "2006.??.??"]

1. d4 Nf6 2. c4 e6 3. Nc3 Bb4 4. Qc2 d5 5. e3 O-O 6. Nf3 c6 7. a3 Bd6 8. c5 Bc7
9. Bd3 Re8 10. O-O Nbd7 11. b4 e5 12. dxe5 Nxe5 13. Nxe5 Bxe5 14. Bb2 Bxh2+ 15.
Kh1 Bc7 16. Bf5 Ne4 17. Bxc8 Qxc8 18. Nxe4 Rxe4 19. f4 Rxe3 20. Qf2 Qe6 21. Be5
Bxe5 22. Qxe3 Bxa1 23. Qxe6 fxe6 24. Rxa1 Kf7 25. a4 a6 26. Rb1 Kf6 27. g3 Rd8
28. Kg2 d4 29. Kf2 d3 30. Ke1 d2+ 31. Kd1 Kf5 32. b5 axb5 33. axb5 Kg4 34. bxc6
bxc6 35. Rb7 Kxg3 36. Rxg7+ Kxf4 37. Rxh7 e5 38. Rh6 e4 39. Rd6 Rh8 40. Kxd2
Rh2+ 41. Kc3 Rh3+ 42. Kc4 Ke3 43. Rxc6 Kd2 44. Re6 e3 45. c6 e2 46. Rxe2+ Kxe2
47. c7 Rh8 48. Kc5 Ke3 49. Kc6 Ke4 50. Kb7 Kd5 51. c8=Q Rxc8 52. Kxc8 1/2-1/2

[Event "SR 3. liga A2 2006/2007"]
[Site "?"]
[Date "2007.02.17"]
[Round "8"]
[White "Hagara, Vladimir"]
[Black "Gubis, Vladimir"]
[Result "1-0"]
[WhiteElo "1975"]
[BlackElo "1783"]
[Annotator "Piestany B - Trnava C  /6/"]
[PlyCount "133"]
[EventDate "2006.??.??"]

1. c4 c5 2. Nc3 Nc6 3. g3 g6 4. Bg2 Bg7 5. e4 d6 6. Nge2 Nf6 7. O-O O-O 8. d3
Ne8 9. Be3 f5 10. Qd2 Bh8 11. Bh6 Bg7 12. Bxg7 Nxg7 13. f4 Qc7 14. Rad1 Rd8 15.
Nd5 Qb8 16. Qc3 Rf8 17. a3 Ne8 18. Rfe1 e6 19. Ne3 Qc7 20. exf5 gxf5 21. d4
cxd4 22. Nxd4 Nxd4 23. Rxd4 Rb8 24. Rc1 Qg7 25. Bf3 Qc7 26. Qd2 e5 27. Bd5+ Kh8
28. fxe5 dxe5 29. Rh4 Qg7 30. Kh1 Bd7 31. Rf1 Rd8 32. Qe1 Bc8 33. Qb1 Qg5 34.
Qe1 b6 35. Ng2 Qg7 36. Ne3 Nd6 $11 37. b4 Rde8 38. Qf2 Bd7 39. Qg2 Re7 40. c5
Nb5 41. c6 Bc8 42. Qb2 Qg5 43. Ng2 Qg7 44. a4 Nc7 45. Bc4 Qf6 46. b5 Ne6 47.
Ne3 Nc7 48. Ng4 Qg7 49. Ne3 Qg5 50. Ng2 Qg7 51. Qd2 Ne6 52. Qe3 Nd4 53. Qh6 Rf6
54. Qe3 f4 55. gxf4 Nf5 56. Qf2 Nxh4 57. Qxh4 Rh6 58. Qf2 Rf6 59. Qd2 Qf8 60.
Rg1 Rg6 61. fxe5 Be6 62. Rf1 Qg8 63. Bxe6 Rexe6 64. Nf4 Rxe5 65. Nxg6+ hxg6 66.
Qh6+ Qh7 67. Rf8# 1-0

[Event "SR 3. liga A2 2006/2007"]
[Site "?"]
[Date "2007.02.17"]
[Round "8"]
[White "Siska, Michal"]
[Black "Klanica, Anton"]
[Result "1-0"]
[WhiteElo "1632"]
[BlackElo "1927"]
[Annotator "Piestany B - Trnava C  /7/"]
[PlyCount "100"]
[EventDate "2006.??.??"]

1. c4 Nf6 2. Nc3 e5 3. g3 d6 4. Bg2 Be7 5. Nf3 Nc6 6. d4 Nd7 7. dxe5 Ndxe5 8.
Nxe5 Nxe5 9. Bf4 Ng6 10. Be3 O-O 11. O-O a6 12. Qd2 Rb8 13. Nd5 b6 14. Nxe7+
Qxe7 15. Bd4 Re8 16. e3 Bb7 17. Bxb7 Rxb7 18. Qc3 f6 19. Qa3 a5 20. Qb3 Qe6 21.
Qb5 Rbb8 22. b3 Qe4 23. Qd7 Re7 24. Qh3 Rbe8 25. Qg2 Nf8 26. Rfe1 Kf7 27. h4
Qg4 28. Qd5+ Qe6 29. Qg2 Qe4 30. Re2 Qxg2+ 31. Kxg2 Ne6 32. Bb2 Nc5 33. Rd1 f5
34. Red2 g6 35. Rd5 Na6 36. Bc3 Re4 37. h5 Nc5 38. hxg6+ hxg6 39. Bd4 Nb7 40.
Bb2 a4 41. Rb5 axb3 42. axb3 Ra8 43. Bd4 Ree8 44. Rd2 Ra7 45. b4 Rd8 46. Kf3
Rd7 47. Rc2 Nd8 48. c5 dxc5 49. bxc5 bxc5 50. Rbxc5 c6 1-0

[Event "SR 3. liga A2 2006/2007"]
[Site "?"]
[Date "2007.02.17"]
[Round "8"]
[White "Jurik, Michal"]
[Black "Sedlak, Rastislav"]
[Result "0-1"]
[WhiteElo "1915"]
[BlackElo "1523"]
[Annotator "Piestany B - Trnava C  /8/"]
[PlyCount "89"]
[EventDate "2006.??.??"]

1. e4 e5 2. Nf3 Nc6 3. Bb5 a6 4. Ba4 Nf6 5. O-O b5 6. Bb3 Bc5 7. Nxe5 Nxe5 8.
d4 Bd6 9. dxe5 Bxe5 10. Kh1 c5 11. c3 c4 12. Bc2 Bb7 13. f4 Bc7 14. e5 Ne4 15.
Qe2 Nc5 16. Be3 Bb6 17. Bxc5 Bxc5 18. f5 Qg5 19. Nd2 O-O-O 20. Be4 d5 21. exd6
Bxd6 22. Bxb7+ Kxb7 23. Ne4 Qh4 24. g3 Qh6 25. f6 Bc7 26. fxg7 Qxg7 27. Qf3 Ka7
28. Qxf7 Qxf7 29. Rxf7 Kb6 30. Kg2 Rhe8 31. Kf3 Rd3+ 32. Kg4 Rxe4+ 33. Kh3 h5
34. Rh7 h4 35. Rxh4 Rxh4+ 36. Kxh4 Rd2 37. h3 Rxb2 38. a4 Rc2 39. axb5 axb5 40.
g4 Rxc3 41. g5 Be5 42. Rg1 b4 43. g6 Bg7 44. Re1 Rd3 45. Re7 0-1

[Event "SR 3. liga A2 2006/2007"]
[Site "?"]
[Date "2007.02.25"]
[Round "9"]
[White "Provaznik, Michal"]
[Black "Blatnicky, Miroslav"]
[Result "1/2-1/2"]
[WhiteElo "2176"]
[BlackElo "2163"]
[Annotator "Holíc - Vrbové  /1/"]
[PlyCount "94"]
[EventDate "2006.??.??"]

1. Nf3 d5 2. d4 Nf6 3. g3 c6 4. Bg2 Bf5 5. O-O h6 6. c4 e6 7. b3 Bd6 8. Bb2
Nbd7 9. Nbd2 Qe7 10. Ne5 Ba3 11. Bxa3 Qxa3 12. Nxd7 Nxd7 13. e4 dxe4 14. Nxe4
Bxe4 15. Bxe4 Nf6 16. Bg2 Rd8 17. Qd2 O-O 18. Qc3 Rd7 19. Rfd1 Rfd8 20. Rd2 e5
21. d5 e4 22. Rad1 cxd5 23. cxd5 Nxd5 24. Qe5 Nf6 25. Rxd7 Rxd7 26. Rxd7 Nxd7
27. Qe8+ Nf8 28. Bxe4 Qxa2 29. Bd5 Qa1+ 30. Kg2 Qf6 31. Bxb7 g6 32. Bd5 Kg7 33.
h4 Qf5 34. Qe4 Qxe4+ 35. Bxe4 f5 36. Bd5 Kf6 37. f4 Nd7 38. Kf3 Nb6 39. Bc6 g5
40. hxg5+ hxg5 41. Ke3 Nc8 42. Kd4 gxf4 43. gxf4 Ne7 44. Be8 Ke6 45. Kc5 Nc8
46. Kc6 Ne7+ 47. Kc5 Nc8 1/2-1/2

[Event "SR 3. liga A2 2006/2007"]
[Site "?"]
[Date "2007.02.25"]
[Round "9"]
[White "Feranec, Milan"]
[Black "Horak, Ivan"]
[Result "0-1"]
[WhiteElo "1890"]
[BlackElo "2127"]
[Annotator "Holíc - Vrbové  /2/"]
[PlyCount "80"]
[EventDate "2006.??.??"]

1. Nf3 d5 2. b3 Nf6 3. Bb2 e6 4. d3 Be7 5. Nbd2 O-O 6. e3 c5 7. Be2 Nc6 8. a3
b6 9. c4 Bb7 10. O-O Rc8 11. Rb1 Re8 12. Qc2 Bf8 13. Rfd1 e5 14. Nf1 d4 15. Ng3
Bd6 16. e4 Ne7 17. Bc1 Nd7 18. Bg5 f6 19. Bd2 Nf8 20. Nh4 g6 21. Bg4 Rc7 22.
Bh6 Bc8 23. Qe2 Bd7 24. Qf3 Nc6 25. h3 Be6 26. Rf1 Bf7 27. Ne2 f5 28. exf5 Qxh4
29. Bxf8 Rxf8 30. g3 Qf6 31. h4 gxf5 32. Bh3 Be6 33. Kh2 e4 34. Qh5 Ne5 35.
dxe4 fxe4 36. Bxe6+ Qxe6 37. Nf4 Ng4+ 38. Kg1 Bxf4 39. gxf4 Rg7 40. Kh1 Rf5 0-1

[Event "SR 3. liga A2 2006/2007"]
[Site "?"]
[Date "2007.02.25"]
[Round "9"]
[White "Kovarik, Oto"]
[Black "Krchnak, Rudolf"]
[Result "1/2-1/2"]
[WhiteElo "2050"]
[BlackElo "1950"]
[Annotator "Holíc - Vrbové  /3/"]
[PlyCount "78"]
[EventDate "2006.??.??"]

1. e4 c5 2. Nf3 d6 3. d4 cxd4 4. Nxd4 Nf6 5. Bd3 e5 6. Nb3 Be6 7. O-O Nbd7 8.
c4 Qc7 9. Na3 a6 10. h3 Be7 11. Be3 O-O 12. Qe2 Rac8 13. Rac1 Nc5 14. Nxc5 dxc5
15. Nb1 Ne8 16. Nc3 Nd6 17. f4 f6 18. b3 b6 19. Rf2 Nb7 20. Rcf1 Na5 21. Nd5
Qb7 22. fxe5 fxe5 23. Qh5 Nc6 24. Bg5 Bxg5 25. Qxg5 Rxf2 26. Rxf2 Rf8 27. Rxf8+
Kxf8 28. Qh5 h6 29. Be2 b5 30. Qg6 Nd4 31. Bh5 Qf7 32. Qxf7+ Bxf7 33. Bxf7 Kxf7
34. Kf2 bxc4 35. bxc4 Ne6 36. Ke3 g5 37. Kf3 h5 38. g3 Nd4+ 39. Ke3 Ne6 1/2-1/2

[Event "SR 3. liga A2 2006/2007"]
[Site "?"]
[Date "2007.02.25"]
[Round "9"]
[White "Smrek, Peter"]
[Black "Sefcik, Marek"]
[Result "0-1"]
[WhiteElo "1964"]
[BlackElo "1974"]
[Annotator "Holíc - Vrbové  /4/"]
[PlyCount "119"]
[EventDate "2006.??.??"]

1. e4 Nc6 2. Nc3 e6 3. Nf3 Bb4 4. a3 Ba5 5. b4 Bb6 6. Na4 d5 7. Nxb6 axb6 8.
exd5 exd5 9. Bb2 Nf6 10. Qe2+ Qe7 11. Qxe7+ Kxe7 12. O-O-O Be6 13. d3 h6 14. h3
Rhg8 15. g3 Ne8 16. Bg2 Nd6 17. Kd2 Ra4 18. Rhe1 Kd7 19. Ne5+ Nxe5 20. Rxe5 f6
21. Re3 Re8 22. Rde1 Bf7 23. Rxe8 Nxe8 24. h4 Nd6 25. Bh3+ Kd8 26. g4 c5 27.
bxc5 bxc5 28. g5 Rxh4 29. gxf6 Rxh3 30. Be5 Ne8 31. fxg7 Rf3 32. Ke2 Rf5 33. f4
Rxe5+ 34. fxe5 Nxg7 35. c3 Nf5 36. Kf3 Kd7 37. Kf4 Be6 38. Rb1 Kc6 39. Rh1 b5
40. Rh5 d4 41. cxd4 Nxd4 42. Rxh6 Kd5 43. Rh8 Ne2+ 44. Ke3 Nc3 45. Kf4 Kd4 46.
Re8 Nd5+ 47. Kg5 Kxe5 48. Rb8 Bd7 49. Rh8 Nf4 50. Rh7 Ne6+ 51. Kh4 Bc6 52. Kg4
Kd4 53. Kf5 Bd5 54. Rd7 b4 55. a4 b3 56. Rd6 b2 57. Rb6 Kc3 58. Ke5 Bb3 59.
Rxb3+ Kxb3 60. Kxe6 0-1

[Event "SR 3. liga A2 2006/2007"]
[Site "?"]
[Date "2007.02.25"]
[Round "9"]
[White "Bilovsky, Milan"]
[Black "Lanyi, Frantisek"]
[Result "1-0"]
[WhiteElo "1880"]
[BlackElo "1629"]
[Annotator "Holíc - Vrbové  /5/"]
[PlyCount "52"]
[EventDate "2006.??.??"]

1. c4 e5 2. Nc3 Nf6 3. g3 d5 4. cxd5 Nxd5 5. Bg2 c6 6. a3 Be6 7. e3 Nxc3 8.
bxc3 Bd6 9. d4 exd4 10. cxd4 O-O 11. Nf3 Bg4 12. O-O Nd7 13. e4 f6 14. Qb3+ Rf7
15. e5 fxe5 16. Ng5 Bh5 17. Nxf7 Bxf7 18. Qxb7 exd4 19. Qxc6 Nb6 20. Bb2 Rc8
21. Qe4 Nc4 22. Bxd4 Nd2 23. Qg4 Bf8 24. Rfc1 Rxc1+ 25. Rxc1 Nb3 26. Bxg7 Nxc1
1-0

[Event "SR 3. liga A2 2006/2007"]
[Site "?"]
[Date "2007.02.25"]
[Round "9"]
[White "Podjavorinsky, Peter"]
[Black "Holly, Milan"]
[Result "0-1"]
[WhiteElo "1704"]
[BlackElo "1776"]
[Annotator "Holíc - Vrbové  /6/"]
[PlyCount "98"]
[EventDate "2006.??.??"]

1. e4 e6 2. d4 b6 3. c4 Bb7 4. d5 Bb4+ 5. Bd2 Bc5 6. Bd3 Qf6 7. Qf3 Qxb2 8. Bc3
Bb4 9. Bf1 Qc1+ 10. Ke2 Bxc3 11. Qxc3 Qxc3 12. Nxc3 Ne7 13. d6 cxd6 14. Nb5 O-O
15. Nc7 Bxe4 16. Nxa8 Bxa8 17. f3 Nbc6 18. Nh3 Rc8 19. Kd2 Ng6 20. Ng5 Na5 21.
Rc1 Ne5 22. Ne4 Naxc4+ 23. Bxc4 Nxc4+ 24. Kd3 d5 25. Nd2 Bb7 26. Nxc4 Rxc4 27.
Rxc4 Ba6 28. Kd4 Bxc4 29. a3 d6 30. f4 f6 31. Rc1 e5+ 32. fxe5 dxe5+ 33. Ke3
Kf7 34. g3 Ke6 35. g4 g6 36. h4 b5 37. Rh1 d4+ 38. Kd2 f5 39. g5 f4 40. h5 Kf5
41. hxg6 hxg6 42. Rh7 a5 43. Rc7 Kxg5 44. a4 Kf5 45. axb5 Bxb5 46. Rc5 Bf1 47.
Rxa5 f3 48. Ke1 Be2 49. Ra8 Kf4 0-1